000 01591nam a2200409 a 4500
001 ebr10233103
003 CaPaEBR
006 m u
007 cr cn|||||||||
008 080128s2008 caua sb 001 0 eng
010 _z 2008003846
015 _aGBA851214
_2bnb
016 7 _z014574709
_2Uk
020 _z9780470177020 (pbk.)
020 _z0470177020 (pbk.)
040 _aCaPaEBR
_cCaPaEBR
035 _a(OCoLC)608622823
050 1 4 _aHD30.4
_b.B482 2008eb
082 0 4 _a658.4/092
_222
100 1 _aBerke, David.
245 1 0 _aDeveloping leadership talent
_h[electronic resource] /
_cDavid Berke, Michael E. Kossler, Michael Wakefield.
260 _aSan Francisco :
_bPfeiffer,
_cc2008.
300 _axiv, 136 p. :
_bill.
490 1 _aPfeiffer essential resources for training and HR professionals
500 _a"An essential tools resource"--P. [4] of cover.
504 _aIncludes bibliographical references (p.115-126) and index.
533 _aElectronic reproduction.
_bPalo Alto, Calif. :
_cebrary,
_d2013.
_nAvailable via World Wide Web.
_nAccess may be limited to ebrary affiliated libraries.
650 0 _aExecutives
_xTraining of.
650 0 _aExecutive ability.
650 0 _aLeadership.
655 7 _aElectronic books.
_2local
700 1 _aKossler, Michael E.
700 1 _aWakefield, Michael.
710 2 _aebrary, Inc.
830 0 _aPfeiffer essential resources for training and HR professionals.
856 4 0 _uhttp://site.ebrary.com/lib/rucke/Doc?id=10233103
_zAn electronic book accessible through the World Wide Web; click to view
999 _c38044
_d38044